Využití modelu Race v projektu partnerství pro místní rozvoj
Praktická aplikácia modelu Race v aktivitách public relations.
Salvato in:
| Autore principale: | |
|---|---|
| Natura: | Capitolo di libro |
| Lingua: | ceco |
| Soggetti: | |
| Tags: |
Nessun Tag, puoi essere il primo ad aggiungerne!!
|
MARC
| LEADER | 00000naa a2200000 4500 | ||
|---|---|---|---|
| 001 | 0195166 | ||
| 005 | 20220722104304.8 | ||
| 041 | 0 | |a cze | |
| 044 | |a SK | ||
| 245 | 1 | 0 | |a Využití modelu Race v projektu partnerství pro místní rozvoj |c Miroslav Foret |
| 520 | |a Praktická aplikácia modelu Race v aktivitách public relations. | ||
| 610 | 2 | 0 | |a vzťahy s verejnosťou |
| 610 | 2 | 0 | |a reklama |
| 610 | 2 | 0 | |a komunikácia marketingová |
| 610 | 2 | 0 | |a správa verejná |
| 610 | 2 | 0 | |a podnikatelia |
| 100 | 1 | |a Foret, Miroslav | |